000 00397 a2200145 4500
005 20250626142445.0
020 _a0-13-223996-5
082 _a658.562 FOS
100 _aFOSTER, S. T.
245 _aManaging Quality: Integrating the Supply Chain.
250 _a3rd Ed.
260 _aNew Jersey,
_bPearson Prentice Hall,
_c2007.
300 _axxiii ,568p.: ill.;figure
_bIndex
_c29cm
942 _2ddc
_cBKS
999 _c5395
_d5395